[Event "Al Ain Classic 2012"]
[Site "Al-Ain UAE"]
[Date "2012.12.25"]
[Round "4.25"]
[White "Nassajtorshizi, Amirmorteza"]
[Black "Elgabry, Mohsen"]
[Result "0-1"]
[BlackTitle "IM"]
[WhiteElo "1999"]
[BlackElo "2365"]
[WhiteFideId "12511242"]
[BlackFideId "10600531"]
[EventDate "2012.12.22"]

1. d4 Nf6 2. Nf3 d6 3. c4 Nbd7 4. Nc3 e5 5. e4 Be7 6. Be2 O-O 7. O-O c6 8. Qc2
Qc7 9. dxe5 dxe5 10. Nh4 Nc5 11. Nf5 Ne6 12. Rd1 Bc5 13. Be3 Bxe3 14. fxe3 Nc5
15. b4 Bxf5 16. exf5 Ncd7 17. Rab1 e4 18. g4 h6 19. Kg2 Rfe8 20. h4 Ne5 21. Kh3
Nf3 22. Rh1 h5 23. g5 Ng4 24. Nxe4 Rxe4 25. Bxf3 Rxe3 26. Kg2 Rae8 27. Rbf1 Qf4
28. Rh3 Qd4 29. g6 Rc3 30. gxf7+ Kxf7 31. Qb1 Qd2+ 32. Kg3 Ree3 33. f6 Re2 34.
Rg1 Qd6# 0-1

[Event "Al Ain Classic 2012"]
[Site "Al-Ain UAE"]
[Date "2012.12.25"]
[Round "4.26"]
[White "Ssegwanyi, Arthur"]
[Black "Sayed, Hussain"]
[Result "1-0"]
[WhiteElo "2222"]
[BlackElo "1970"]
[WhiteFideId "10000100"]
[BlackFideId "10618830"]
[EventDate "2012.12.22"]

1. e4 e6 2. d3 d5 3. Nd2 Bc5 4. Qg4 g6 5. e5 Nc6 6. Ngf3 Nb4 7. Nb3 Be7 8. Nfd4
c5 9. a3 cxd4 10. axb4 Bxb4+ 11. c3 Bf8 12. Nxd4 Bg7 13. Qg3 h6 14. Nb5 Bf8 15.
d4 a6 16. Bd3 Bd7 17. Nd6+ Bxd6 18. exd6 Qb6 19. O-O O-O-O 20. b3 Nf6 21. c4 Nh5
22. Qf3 Qxd6 23. g4 Ng7 24. Bf4 Qc6 25. cxd5 Qxd5 26. Be4 Qb5 27. Bxb7+ Qxb7 28.
Rfc1+ Bc6 29. Rxc6+ Kd7 30. Rd6+ Kc8 31. Rc1+ Kb8 32. Rb6+ 1-0

[Event "Al Ain Classic 2012"]
[Site "Al-Ain UAE"]
[Date "2012.12.25"]
[Round "4.27"]
[White "Bharat, Vijay"]
[Black "Ayyad, Husain"]
[Result "0-1"]
[BlackTitle "FM"]
[WhiteElo "1961"]
[BlackElo "2205"]
[WhiteFideId "5032784"]
[BlackFideId "11200243"]
[EventDate "2012.12.22"]

1. d4 Nf6 2. Nf3 e6 3. Bf4 b6 4. e3 Bb7 5. Bd3 Nh5 6. Bg5 Be7 7. Bxe7 Qxe7 8. c4
d6 9. O-O Nd7 10. Nc3 O-O 11. Ne1 g6 12. a3 Ndf6 13. f4 e5 14. Nc2 Rfe8 15. Qd2
Rad8 16. Rae1 Qf8 17. Nb5 Rd7 18. b4 Qh6 19. d5 c6 20. Nc3 Rde7 21. Ne4 Nxe4 22.
Bxe4 Nf6 23. Bf3 cxd5 24. Bxd5 Nxd5 25. cxd5 Ba6 26. Rf2 Qh5 27. a4 Bc4 28. Na3
Bb3 29. Nb5 exf4 30. Rxf4 Qe5 31. Rd4 Bxa4 32. Nc3 Bd7 33. Ne4 Kg7 34. Nf2 Qg5
35. Rd3 Bf5 36. Qc3+ Qf6 37. Qxf6+ Kxf6 38. e4 Rc7 39. Rde3 Bd7 0-1

[Event "Al Ain Classic 2012"]
[Site "Al-Ain UAE"]
[Date "2012.12.25"]
[Round "4.28"]
[White "Asgarova, Turan"]
[Black "Navalgund, Niranjan"]
[Result "0-1"]
[WhiteElo "1932"]
[BlackElo "2169"]
[WhiteFideId "13403451"]
[BlackFideId "5030854"]
[EventDate "2012.12.22"]

1. e4 e5 2. Nf3 Nc6 3. d4 exd4 4. c3 d5 5. exd5 Qxd5 6. cxd4 Bg4 7. Be2 Bb4+ 8.
Nc3 Bxf3 9. Bxf3 Qc4 10. Bxc6+ bxc6 11. Qe2+ Qxe2+ 12. Kxe2 O-O-O 13. Rd1 Nf6
14. Kf1 Rhe8 15. Bg5 Rd6 16. Rac1 Red8 17. Ne2 h6 18. Bf4 Re6 19. Be5 g5 20. f4
Ng4 21. d5 Ne3+ 22. Kg1 Rxe5 23. fxe5 Nxd1 24. Rxd1 Bc5+ 25. Kf1 Rxd5 26. Rc1
Rxe5 27. Ng3 Kd7 28. a3 f5 29. b4 Bd6 30. Ne2 Rd5 31. g3 Rd3 0-1

[Event "Al Ain Classic 2012"]
[Site "Al-Ain UAE"]
[Date "2012.12.25"]
[Round "4.29"]
[White "Solomons, Anzel"]
[Black "Zabeib, Mohamed"]
[Result "0-1"]
[WhiteTitle "WIM"]
[WhiteElo "1928"]
[BlackElo "2158"]
[WhiteFideId "14300800"]
[BlackFideId "10607617"]
[EventDate "2012.12.22"]

1. d4 Nf6 2. Nf3 g6 3. Nbd2 Bg7 4. e4 d6 5. Bd3 O-O 6. O-O Nbd7 7. h3 e5 8. c3
h6 9. Re1 Kh7 10. Nf1 c6 11. Ng3 Qc7 12. Nh2 d5 13. Nf3 dxe4 14. dxe5 exd3 15.
exf6 Nxf6 16. Qxd3 Rd8 17. Qc2 Nd5 18. Bd2 c5 19. Rad1 Be6 20. h4 Bg4 21. h5
Bxf3 22. hxg6+ fxg6 23. gxf3 Qf7 24. Kg2 Rf8 25. Qd3 c4 26. Qe4 Rae8 27. Qg4 h5
28. Rh1 Kg8 29. Nxh5 gxh5 30. Qxh5 Qxh5 31. Rxh5 Nf6 32. Rc5 Rc8 33. Be3 Rxc5
34. Bxc5 Ra8 35. Rd4 b5 36. Rf4 Kf7 37. Bd4 a6 0-1

[Event "Al Ain Classic 2012"]
[Site "Al-Ain UAE"]
[Date "2012.12.25"]
[Round "4.30"]
[White "Zelesco, Karl"]
[Black "Abtini, Hasan"]
[Result "0-1"]
[WhiteElo "2154"]
[BlackElo "1935"]
[WhiteFideId "3213390"]
[BlackFideId "7601506"]
[EventDate "2012.12.22"]

1. e4 c5 2. Nf3 e6 3. d4 cxd4 4. Nxd4 a6 5. Bd3 Nf6 6. O-O Qc7 7. Qe2 d6 8. c4
Be7 9. f4 Nbd7 10. Nc3 h5 11. f5 Ne5 12. fxe6 fxe6 13. Nf3 Bd7 14. Be3 O-O 15.
Rad1 Rac8 16. Bg5 Be8 17. h3 Qc5+ 18. Be3 Qb4 19. Nd4 Bf7 20. a3 Qa5 21. Nb3 Qc7
22. Nd2 h4 23. Nf3 Bh5 24. Bg5 Nh7 25. Be3 Rf7 26. Bd4 Ng5 27. Bxe5 dxe5 28. Kh2
Rcf8 29. Qe3 Bxf3 30. gxf3 Rxf3 0-1

[Event "Al Ain Classic 2012"]
[Site "Al-Ain UAE"]
[Date "2012.12.25"]
[Round "4.31"]
[White "Darini, Pouria"]
[Black "Amer, Mohammed Bishara"]
[Result "1-0"]
[WhiteTitle "IM"]
[WhiteElo "2522"]
[BlackElo "1924"]
[WhiteFideId "12502200"]
[BlackFideId "12200719"]
[EventDate "2012.12.22"]

1. e4 c5 2. Nf3 Nc6 3. Bb5 g6 4. O-O Bg7 5. Nc3 a6 6. Bxc6 bxc6 7. d3 Nf6 8. e5
Nd5 9. Ne4 d6 10. c4 Nc7 11. exd6 exd6 12. Bf4 O-O 13. Bxd6 Re8 14. Bxc5 Bxb2
15. Rb1 Bg7 16. Nd6 Re6 17. Nxc8 Qxc8 18. Nd4 Re8 19. Nxc6 Qd7 20. Qf3 Ne6 21.
Be3 Qxd3 22. Ne7+ Kh8 23. Qxf7 Qd6 24. Nd5 Rf8 25. Rb6 Qxb6 26. Qxf8+ Bxf8 27.
Nxb6 Rd8 28. g3 Bc5 29. Bxc5 Nxc5 30. Nd5 Rb8 31. Re1 1-0

[Event "Al Ain Classic 2012"]
[Site "Al-Ain UAE"]
[Date "2012.12.25"]
[Round "4.32"]
[White "Shoker, Samy"]
[Black "Wanyama, Harold"]
[Result "1-0"]
[WhiteTitle "IM"]
[BlackTitle "FM"]
[WhiteElo "2490"]
[BlackElo "2252"]
[WhiteFideId "627143"]
[BlackFideId "10000380"]
[EventDate "2012.12.22"]

1. Nf3 Nf6 2. g3 g6 3. Bg2 Bg7 4. O-O c5 5. c4 Nc6 6. Nc3 O-O 7. a3 d5 8. cxd5
Nxd5 9. Qa4 Nb6 10. Qb5 Nd4 11. Nxd4 cxd4 12. Ne4 Bd7 13. Qa5 d3 14. exd3 Bc6
15. Re1 Na4 16. Qxd8 Raxd8 17. Rb1 Bb5 18. Bf1 e6 19. b3 Nb6 20. Nc5 Nd7 21.
Nxb7 Rb8 22. Nd6 1-0

[Event "Al Ain Classic 2012"]
[Site "Al-Ain UAE"]
[Date "2012.12.25"]
[Round "4.33"]
[White "Schon, Eugene"]
[Black "El Gindy, Essam"]
[Result "0-1"]
[BlackTitle "GM"]
[WhiteElo "2175"]
[BlackElo "2486"]
[WhiteFideId "3205690"]
[BlackFideId "10600140"]
[EventDate "2012.12.22"]

1. e4 c5 2. Nf3 e6 3. d4 cxd4 4. Nxd4 Nf6 5. Nc3 Nc6 6. Ndb5 d6 7. Bf4 e5 8. Bg5
a6 9. Na3 b5 10. Nd5 Be7 11. Bxf6 Bxf6 12. c3 Bg5 13. Nc2 Rb8 14. a4 bxa4 15.
Ncb4 Nxb4 16. cxb4 O-O 17. Rxa4 Bh6 18. Bc4 Kh8 19. O-O f5 20. exf5 Rxf5 21.
Bxa6 Be6 22. Be2 e4 23. Nc3 e3 24. fxe3 Bxe3+ 25. Kh1 Rxf1+ 26. Bxf1 0-1

[Event "Al Ain Classic 2012"]
[Site "Al-Ain UAE"]
[Date "2012.12.25"]
[Round "4.34"]
[White "Bennett, John M"]
[Black "Ali Marandi, Cemil Can"]
[Result "0-1"]
[BlackTitle "FM"]
[WhiteElo "2066"]
[BlackElo "2354"]
[WhiteFideId "403261"]
[BlackFideId "6300529"]
[EventDate "2012.12.22"]

1. d4 d5 2. c4 c6 3. Nf3 Nf6 4. Nc3 e6 5. cxd5 exd5 6. Qc2 Be7 7. Bf4 O-O 8. e3
Nbd7 9. Bd3 Re8 10. O-O Nf8 11. h3 Ne6 12. Bg3 g6 13. Ne5 Ng7 14. f4 Bf5 15. Bf2
Bxd3 16. Qxd3 Nf5 17. g4 Nd6 18. g5 Nfe4 19. Nxe4 Nxe4 20. h4 f6 21. Nf3 Qc8 22.
Nh2 Bd6 23. Qe2 Qh3 24. gxf6 Nxf6 25. Qf3 Qf5 26. Rfe1 Rf8 27. Kg2 Rae8 28. Nf1
Ne4 29. Ng3 Nxg3 30. Bxg3 Re6 31. Re2 Rfe8 32. Rae1 c5 33. dxc5 Bxc5 34. Rd2 Re4
35. Red1 d4 36. exd4 Re3 37. Qf2 Bb4 38. Rc2 Be1 39. Rxe1 Rxe1 40. Rd2 Qe4+ 41.
Kh3 Qh1+ 42. Kg4 h5+ 43. Kg5 Qe4 44. Qxe1 Qf5+ 45. Kh6 Rxe1 46. Bxe1 Qxf4+ 0-1

[Event "Al Ain Classic 2012"]
[Site "Al-Ain UAE"]
[Date "2012.12.25"]
[Round "4.35"]
[White "Saydaliev, Saidakbar"]
[Black "Rajesh, V A V"]
[Result "0-1"]
[BlackTitle "FM"]
[WhiteElo "1950"]
[BlackElo "2370"]
[WhiteFideId "14203693"]
[BlackFideId "5029317"]
[EventDate "2012.12.22"]

1. d4 Nf6 2. c4 g6 3. Nc3 d5 4. Nf3 Bg7 5. Qb3 dxc4 6. Qxc4 O-O 7. Bf4 c6 8. e3
Be6 9. Qa4 Nd5 10. Nxd5 Bxd5 11. Be2 Qb6 12. b4 a5 13. b5 c5 14. Rd1 cxd4 15.
exd4 Qe6 16. Rd2 Nd7 17. O-O Nb6 18. Qa3 Nc4 19. Bxc4 Bxc4 20. Re1 Qf5 21. Bg3
Bxb5 22. Rxe7 Rfe8 23. Rxe8+ Rxe8 24. h3 Bh6 25. Rd1 Qc2 26. Re1 Rxe1+ 27. Nxe1
Qd2 28. Nf3 Qc1+ 29. Qxc1 Bxc1 30. Bd6 f6 31. Ne1 Kf7 32. Nc2 Ke6 33. Bc5 f5 34.
g3 Bc4 35. a3 g5 36. Ne3 Bb3 37. Kg2 f4 38. gxf4 gxf4 39. Ng4 Bd5+ 40. f3 b5 41.
Kf2 b4 42. axb4 a4 43. b5 a3 44. Bb4 Bb2 0-1

[Event "Al Ain Classic 2012"]
[Site "Al-Ain UAE"]
[Date "2012.12.25"]
[Round "4.36"]
[White "Wallis, Christopher"]
[Black "Abdalla, Sayed"]
[Result "1-0"]
[WhiteTitle "FM"]
[WhiteElo "2283"]
[BlackElo "2009"]
[WhiteFideId "3204839"]
[BlackFideId "10619640"]
[EventDate "2012.12.22"]

1. d4 e6 2. c4 d5 3. Nc3 c5 4. cxd5 exd5 5. Nf3 Nc6 6. g3 Nf6 7. Bg2 Be7 8. O-O
O-O 9. dxc5 Bxc5 10. Bg5 h6 11. Bxf6 Qxf6 12. Qxd5 Bb4 13. Rac1 Be6 14. Qb5 Bxc3
15. Rxc3 Bxa2 16. e3 Be6 17. Nd2 Rad8 18. Ne4 Qg6 19. Qxb7 Bd5 20. Nf6+ Qxf6 21.
Bxd5 Rxd5 22. Rxc6 Qe5 23. Rc7 Rb5 24. Qxa7 1-0

[Event "Al Ain Classic 2012"]
[Site "Al-Ain UAE"]
[Date "2012.12.25"]
[Round "4.37"]
[White "Kawuma, Patrick"]
[Black "Ahmed, Fayez"]
[Result "1-0"]
[WhiteTitle "CM"]
[WhiteElo "2245"]
[BlackElo "1959"]
[WhiteFideId "10000127"]
[BlackFideId "9300449"]
[EventDate "2012.12.22"]

1. c4 e5 2. Nc3 Nf6 3. g3 Bb4 4. Bg2 O-O 5. Nf3 d6 6. O-O Nc6 7. d3 h6 8. Bd2
Ne7 9. a3 Bxc3 10. Bxc3 Ng6 11. Rc1 Rb8 12. b4 b6 13. c5 Re8 14. cxd6 cxd6 15.
e4 Bg4 16. h3 Bd7 17. Re1 Rc8 18. d4 Rc7 19. Qd3 Qc8 20. Bb2 Rxc1 21. Rxc1 Qb7
22. dxe5 dxe5 23. Nd2 a6 24. Nc4 Bb5 25. a4 Bxc4 26. Qxc4 Rd8 27. b5 axb5 28.
Qxb5 Qa7 29. Rc6 Rd1+ 30. Kh2 Nd7 31. Rxg6 Rd2 32. Rc6 Rxf2 33. Bxe5 Nxe5 34.
Qxe5 Qxa4 35. Qe8+ Kh7 36. Rxh6+ Kxh6 37. Qxa4 1-0

[Event "Al Ain Classic 2012"]
[Site "Al-Ain UAE"]
[Date "2012.12.25"]
[Round "4.38"]
[White "Magdy, Kassem"]
[Black "Bibasa, Bob"]
[Result "1-0"]
[BlackTitle "CM"]
[WhiteElo "1956"]
[BlackElo "2218"]
[WhiteFideId "10618791"]
[BlackFideId "10000240"]
[EventDate "2012.12.22"]

1. d4 Nf6 2. c4 g6 3. Nf3 Bg7 4. Nc3 O-O 5. g3 d6 6. Bg2 Nbd7 7. O-O e5 8. h3 h6
9. Be3 Kh7 10. Qc2 exd4 11. Bxd4 c6 12. Rad1 Qe7 13. e4 Ne5 14. Nd2 c5 15. Be3
Be6 16. b3 Nc6 17. Rfe1 Nd7 18. Nd5 Qd8 19. Nf4 Nde5 20. Nxe6 fxe6 21. f4 Nb4
22. Qb1 Ned3 23. Re2 Nb2 24. Rc1 a5 25. Nf3 N4d3 26. Rcc2 a4 27. Kh2 a3 28. Rcd2
b5 29. Rxd3 bxc4 30. bxc4 Nxd3 31. Qxd3 Ra6 32. Rd2 Qf6 33. e5 dxe5 34. Nxe5 Rb8
35. Nd7 Qd8 36. Nxb8 Qxb8 37. Bxc5 h5 38. h4 e5 39. Bd6 Qe8 40. f5 1-0

[Event "Al Ain Classic 2012"]
[Site "Al-Ain UAE"]
[Date "2012.12.26"]
[Round "5.1"]
[White "Paragua, Mark"]
[Black "Kotanjian, Tigran"]
[Result "1/2-1/2"]
[WhiteTitle "GM"]
[BlackTitle "GM"]
[WhiteElo "2533"]
[BlackElo "2518"]
[WhiteFideId "5201241"]
[BlackFideId "13301250"]
[EventDate "2012.12.22"]

1. e4 c5 2. c3 d5 3. exd5 Qxd5 4. d4 Nf6 5. Nf3 Bg4 6. Be2 e6 7. h3 Bh5 8. O-O
Nc6 9. Be3 cxd4 10. cxd4 Be7 11. Nc3 Qd6 12. Qb3 O-O 13. Rfd1 Rfd8 14. Rac1 a6
15. a3 h6 16. Kh1 Kh8 17. Kg1 Kg8 18. Kh1 Kh8 19. Kg1 Kg8 1/2-1/2

[Event "Al Ain Classic 2012"]
[Site "Al-Ain UAE"]
[Date "2012.12.26"]
[Round "5.2"]
[White "Raetsky, Alexander"]
[Black "Kotsur, Pavel"]
[Result "0-1"]
[WhiteTitle "GM"]
[BlackTitle "GM"]
[WhiteElo "2427"]
[BlackElo "2550"]
[WhiteFideId "4103203"]
[BlackFideId "13700278"]
[EventDate "2012.12.22"]

1. d4 Nf6 2. Nc3 d5 3. Bg5 Nbd7 4. Nf3 h6 5. Bh4 e6 6. e3 c5 7. Be2 a6 8. Ne5
Qb6 9. a3 Nxe5 10. dxe5 Nd7 11. f4 g5 12. Bg3 Bg7 13. O-O c4 14. Kh1 Qxb2 15.
Qd2 Qb6 16. f5 Bxe5 17. fxe6 fxe6 18. Bh5+ Kd8 19. Bxe5 Nxe5 20. Rab1 Qd6 21.
Ne4 Qc7 22. Qb4 Qe7 23. Nd6 Kc7 24. Qb6+ Kb8 25. Nf7 Nd7 26. Qd4 Rf8 27. Qg7 Ka7
28. Qxh6 Nc5 29. Nxg5 Bd7 30. Rf7 Rxf7 31. Bxf7 Ba4 32. c3 Rf8 33. Bxe6 Rf6 34.
Qh4 Rxe6 35. Qd4 Rxe3 36. Nf3 Rd3 37. Qg1 Qe3 0-1

[Event "Al Ain Classic 2012"]
[Site "Al-Ain UAE"]
[Date "2012.12.26"]
[Round "5.3"]
[White "Vachier-Lagrave, Maxime"]
[Black "Grigoryan, Karen H."]
[Result "1-0"]
[WhiteTitle "GM"]
[BlackTitle "IM"]
[WhiteElo "2711"]
[BlackElo "2513"]
[WhiteFideId "623539"]
[BlackFideId "13301004"]
[EventDate "2012.12.22"]

1. e4 c6 2. d4 d5 3. e5 c5 4. dxc5 e6 5. Qg4 h5 6. Qg3 Nd7 7. Nf3 Nxc5 8. Nc3 h4
9. Qg4 h3 10. g3 Nh6 11. Qxh3 Qb6 12. Bb5+ Bd7 13. Bxd7+ Nxd7 14. O-O Rc8 15.
Be3 Qxb2 16. Nxd5 Qb5 17. Rad1 Ba3 18. Rfe1 Qc6 19. Rd3 Bb2 20. c3 exd5 21. e6
fxe6 22. Bd4 Nf7 23. Rxe6+ Kd8 24. Qf5 Nd6 25. Qg5+ Kc7 26. Be5 Ba3 27. Bxd6+
Bxd6 28. Rxd5 Qxc3 29. Rdxd6 Qxf3 30. Rxd7+ Kb8 31. Ree7 Rc2 32. Qe5+ Ka8 33.
Re8+ Rc8 34. Rxc8+ Rxc8 35. Qc7 1-0

[Event "Al Ain Classic 2012"]
[Site "Al-Ain UAE"]
[Date "2012.12.26"]
[Round "5.4"]
[White "Edouard, Romain"]
[Black "Bakre, Tejas"]
[Result "1/2-1/2"]
[WhiteTitle "GM"]
[BlackTitle "GM"]
[WhiteElo "2686"]
[BlackElo "2492"]
[WhiteFideId "633429"]
[BlackFideId "5004195"]
[EventDate "2012.12.22"]

1. e4 c5 2. Nf3 d6 3. d4 cxd4 4. Nxd4 Nf6 5. Nc3 g6 6. f3 Bg7 7. Be3 Nc6 8. Qd2
O-O 9. g4 Be6 10. Nxe6 fxe6 11. O-O-O Ne5 12. Be2 Rc8 13. Kb1 Qa5 14. Nb5 Qxd2
15. Rxd2 a6 16. Nd4 Kf7 17. Rdd1 Nc4 18. Bc1 e5 19. Nb3 b5 20. c3 Rfd8 21. h4 e6
22. h5 d5 23. exd5 exd5 24. f4 Ne4 25. Rh2 Na3+ 26. Ka1 Nc2+ 27. Kb1 Na3+ 28.
Ka1 Nc2+ 29. Kb1 Na3+ 1/2-1/2

[Event "Al Ain Classic 2012"]
[Site "Al-Ain UAE"]
[Date "2012.12.26"]
[Round "5.5"]
[White "Miroshnichenko, Evgenij"]
[Black "Abdel Razik, Khaled"]
[Result "1-0"]
[WhiteTitle "GM"]
[BlackTitle "IM"]
[WhiteElo "2628"]
[BlackElo "2448"]
[WhiteFideId "14102595"]
[BlackFideId "10601104"]
[EventDate "2012.12.22"]

1. Nf3 d5 2. c4 e6 3. b3 Nf6 4. g3 g6 5. Bg2 Bg7 6. Bb2 O-O 7. O-O a5 8. Nc3 Re8
9. d4 Nbd7 10. Qc2 c6 11. Rad1 b6 12. e4 dxe4 13. Nxe4 Nxe4 14. Qxe4 Bb7 15. Ne5
f5 16. Qc2 Bxe5 17. dxe5 Qc7 18. Rd6 c5 19. Rfd1 Bxg2 20. Kxg2 Ra7 21. Qd2 Nf8
22. a4 Rb7 23. Bc1 Qg7 24. h4 Ree7 25. f3 Red7 26. Qe3 Kf7 27. Kh3 h6 28. g4
fxg4+ 29. Kxg4 Kg8 30. Kh3 Rf7 31. Rg1 Rf5 32. f4 Qf7 33. Rg3 Kh8 34. Qe4 Rb8
35. Be3 Rh5 36. Rg4 Kh7 37. Rg2 Kh8 38. Kg3 Qe7 39. Rh2 Kg7 40. Qd3 Kh8 41. Bf2
Kg8 42. Kf3 Qf7 43. Kg3 g5 44. hxg5 hxg5 45. Rxh5 Qxh5 46. f5 Rb7 47. Qf3 g4 48.
Qxb7 Qh3+ 49. Kf4 Qf1 50. Ke3 exf5 51. Qd5+ Kg7 52. Rf6 Qh3+ 53. Kd2 Qh5 54.
Qb7+ Kg8 55. Qc8 1-0

[Event "Al Ain Classic 2012"]
[Site "Al-Ain UAE"]
[Date "2012.12.26"]
[Round "5.6"]
[White "Parligras, Mircea-Emilian"]
[Black "Bajarani, Ulvi"]
[Result "1/2-1/2"]
[WhiteTitle "GM"]
[BlackTitle "IM"]
[WhiteElo "2628"]
[BlackElo "2425"]
[WhiteFideId "1204297"]
[BlackFideId "13403028"]
[EventDate "2012.12.22"]

1. d4 d5 2. c4 c6 3. Nc3 Nf6 4. e3 e6 5. Nf3 Nbd7 6. Bd3 dxc4 7. Bxc4 b5 8. Bd3
Bb7 9. O-O a6 10. e4 c5 11. d5 c4 12. Bc2 Qc7 13. dxe6 fxe6 14. Ne2 e5 15. Ng3
Rd8 16. Bd2 Bc5 17. Qe2 O-O 18. a4 Bd4 19. axb5 axb5 20. Bc3 Bxc3 21. bxc3 Ra8
22. Qe3 g6 23. h4 Nc5 24. h5 Ne6 25. Rxa8 Rxa8 26. hxg6 Ng4 27. gxh7+ Kh8 28.
Qc1 Qxh7 29. Rd1 Rf8 30. Qd2 b4 31. cxb4 Rxf3 32. gxf3 Qh2+ 33. Kf1 c3 34. Qe2
Ba6 35. Bd3 Nf4 36. fxg4 Qh3+ 37. Ke1 Nxe2 38. Bxe2 Bxe2 39. Kxe2 Qxg4+ 40. Ke1
Qf4 41. Ne2 Qxe4 42. Kf1 Qh1+ 43. Ng1 Qh6 44. Ne2 c2 45. Rc1 Qd2 46. f3 Qe3 47.
Rxc2 Qxf3+ 48. Ke1 e4 49. Kd2 Qd3+ 50. Kc1 Kg7 51. Rb2 Qb5 52. Kd2 Kf6 53. Kc1
Kg5 54. Kb1 Kg4 55. Ka1 e3 56. Kb1 Kg5 57. Ka2 Kf6 58. Kb1 Ke5 59. Ka2 Kd6 60.
Kb1 Kc7 61. Ka2 Kb6 62. Kb1 Qd3+ 63. Ka2 Kb5 64. Ka1 Qc4 65. Kb1 Ka4 66. Ra2+
Kxb4 67. Rc2 Qf7 68. Kb2 Qb3+ 69. Kc1 Qa3+ 70. Kb1 Qd3 71. Kb2 Qd1 72. Nc1 Qf1
73. Na2+ Ka5 74. Nc1 Qf6+ 75. Kb3 Kb5 76. Ka2 Qf2 77. Kb3 Qf7+ 78. Kb2 Ka4 79.
Kb1 Qb7+ 80. Ka2 Qb4 81. Ka1 Qd2 82. Kb2 Qd4+ 83. Kb1 Ka3 84. Ra2+ Kb4 85. Rc2
Qe4 86. Kb2 Ka4 87. Ne2 Qb4+ 88. Ka1 Qe1+ 89. Kb2 Kb4 90. Nc1 Qf1 91. Na2+ Ka4
92. Nc3+ Ka5 93. Ne2 Qf6+ 94. Ka2 Kb4 95. Nc1 Qe6+ 96. Kb2 Ka4 97. Kb1 Ka3 98.
Rc3+ Kb4 99. Rc2 Qf6 100. Ka2 Qd8 101. Kb2 Qg8 102. Na2+ Ka5 103. Nc1 Qb8+ 104.
Ka1 Qh8+ 105. Kb1 1/2-1/2

[Event "Al Ain Classic 2012"]
[Site "Al-Ain UAE"]
[Date "2012.12.26"]
[Round "5.7"]
[White "Ehlvest, Jaan"]
[Black "Javanbakht, Nima"]
[Result "1-0"]
[WhiteTitle "GM"]
[BlackTitle "FM"]
[WhiteElo "2603"]
[BlackElo "2406"]
[WhiteFideId "4500016"]
[BlackFideId "12510670"]
[EventDate "2012.12.22"]

1. Nf3 d5 2. g3 Bg4 3. Bg2 c6 4. d3 Nd7 5. Nbd2 Ngf6 6. h3 Bh5 7. g4 Bg6 8. Nh4
e5 9. e3 Bd6 10. O-O Ng8 11. Nxg6 hxg6 12. c4 Ne7 13. cxd5 Nxd5 14. a3 Nc5 15.
Ne4 Ne6 16. Qb3 Rb8 17. Rd1 Ndc7 18. Bd2 f5 19. Ng3 O-O 20. Rac1 Kh8 21. Bc3 Qh4
22. Qc4 b5 23. Qb3 Ng5 24. Be1 Nxh3+ 25. Bxh3 Qxh3 26. f3 f4 27. exf4 exf4 28.
Ne4 Qxf3 29. Rd2 Qe3+ 30. Bf2 Qh3 31. Bxa7 f3 32. Nxd6 Qg3+ 33. Kh1 f2 34. Rxf2
Rxf2 35. Bxf2 Qxf2 36. Qc2 Qf3+ 37. Qg2 Qxg2+ 38. Kxg2 Ne6 39. Rxc6 Nf4+ 40. Kg3
Nxd3 41. b4 Kh7 42. g5 Rd8 43. Rb6 Ne5 44. Kf4 Nc4 45. Nxc4 bxc4 46. Rc6 Ra8 47.
Rxc4 Rxa3 48. b5 Rb3 49. Rc5 Kg8 50. Ke5 Rf3 51. Kd6 Kh7 52. b6 Rf7 53. Kc6 Rf8
54. b7 Kh8 55. Rc1 Kh7 56. Rh1+ Kg8 57. Kc7 Rf7+ 58. Kb6 1-0

[Event "Al Ain Classic 2012"]
[Site "Al-Ain UAE"]
[Date "2012.12.26"]
[Round "5.8"]
[White "Kravtsiv, Martyn"]
[Black "Lodhi, Mahmood"]
[Result "1-0"]
[WhiteTitle "GM"]
[BlackTitle "IM"]
[WhiteElo "2593"]
[BlackElo "2353"]
[WhiteFideId "14113147"]
[BlackFideId "7800010"]
[EventDate "2012.12.22"]

1. e4 e5 2. Nf3 Nc6 3. Nc3 Nf6 4. d4 Bb4 5. Nxe5 Nxe4 6. Qg4 Nxc3 7. Qxg7 Qf6 8.
Qxf6 Ne4+ 9. c3 Nxf6 10. Nxc6 Bxc3+ 11. bxc3 dxc6 12. f3 Be6 13. c4 Nd7 14. Be3
Nb6 15. Rc1 O-O-O 16. Kf2 h5 17. h4 Kb8 18. Be2 Nc8 19. Rhd1 Nd6 20. Bf4 f6 21.
Rd2 Rh7 22. Rb2 Kc8 23. g3 Rhd7 24. Bf1 Bf5 25. Rc3 Re7 26. a4 Ne8 27. Be3 Ng7
28. d5 cxd5 29. cxd5 Rxd5 30. Bxa7 Red7 31. Be3 Rd1 32. Rcb3 Re7 33. Be2 Rh1 34.
Rxb7 Rh2+ 35. Kg1 Rxe2 36. Rb8+ Kd7 37. Rxe2 Bd3 38. Rd2 Rxe3 39. Rb3 1-0

[Event "Al Ain Classic 2012"]
[Site "Al-Ain UAE"]
[Date "2012.12.26"]
[Round "5.10"]
[White "Raes, A"]
[Black "Kazhgaleyev, Murtas"]
[Result "0-1"]
[BlackTitle "GM"]
[WhiteElo "2235"]
[BlackElo "2596"]
[WhiteFideId "7600801"]
[BlackFideId "13700316"]
[EventDate "2012.12.22"]

1. Nf3 g6 2. g3 Bg7 3. d4 Nf6 4. c4 d5 5. cxd5 Nxd5 6. Bg2 Nb6 7. O-O Nc6 8. e3
e5 9. Nc3 exd4 10. exd4 O-O 11. Bg5 f6 12. Bf4 Ne7 13. Re1 Nbd5 14. Nxd5 Nxd5
15. Qb3 Kh8 16. Bd2 c6 17. Bb4 Rg8 18. Bc5 Bh6 19. h3 b6 20. Ba3 Bb7 21. Nh2 Re8
22. Ng4 Bg7 23. Rad1 Qd7 24. Ne3 Nc7 25. Bb4 Rad8 26. a4 Re6 27. Bc3 Qf7 28. Kh2
Re7 29. Qc2 Red7 30. b4 b5 31. a5 Rd6 32. Qb2 Bc8 33. Rd2 Be6 34. Rde2 f5 35.
Nc2 Qf6 36. Re5 Qf8 37. Rc5 Bd5 38. Bxd5 Nxd5 39. Bd2 f4 40. g4 Re8 41. Re5 Rde6
42. Rxe6 Rxe6 43. Be1 h5 44. Qb3 hxg4 45. hxg4 f3 46. Rxd5 cxd5 47. Qxd5 Re2 48.
Qc6 Qe8 49. Qc3 Rxc2 50. Qxc2 Qxe1 51. Qxg6 Qxf2+ 52. Kh3 Qg2+ 53. Kh4 Qh2+ 54.
Kg5 Qh6+ 55. Qxh6+ Bxh6+ 56. Kxh6 f2 0-1

[Event "Al Ain Classic 2012"]
[Site "Al-Ain UAE"]
[Date "2012.12.26"]
[Round "5.11"]
[White "Arjun, Bharat"]
[Black "Hungaski, Robert Andrew"]
[Result "0-1"]
[WhiteTitle "CM"]
[BlackTitle "IM"]
[WhiteElo "2295"]
[BlackElo "2469"]
[WhiteFideId "5032725"]
[BlackFideId "2021030"]
[EventDate "2012.12.22"]

1. Nf3 c5 2. c4 Nc6 3. g3 g6 4. Bg2 Bg7 5. Nc3 e6 6. d3 Nge7 7. Bg5 h6 8. Bd2
O-O 9. Rb1 d5 10. a3 a5 11. O-O b6 12. Nb5 e5 13. Ne1 Be6 14. b3 Qd7 15. Nc2
Rac8 16. Ne3 d4 17. Nc2 Bh3 18. b4 Bxg2 19. Kxg2 axb4 20. axb4 f5 21. bxc5 bxc5
22. Qc1 f4 23. Qa3 Nd8 24. Qa7 Qe6 25. f3 Nf7 26. Nc7 Qd6 27. Nb5 Qf6 28. Ra1
Rc6 29. Nc7 h5 30. Nd5 Nxd5 31. cxd5 Rcc8 32. Ra6 Qf5 33. Na3 Ng5 34. Be1 fxg3
35. hxg3 e4 36. dxe4 Qh3+ 37. Kg1 Rf7 38. Qb6 d3 39. exd3 Bd4+ 0-1